Search the Library Catalogue
| 000 -LEADER | |
|---|---|
| fixed length control field | 00736nam a2200229Ia 4500 |
| 008 - FIXED-LENGTH DATA ELEMENTS--GENERAL INFORMATION | |
| fixed length control field | 191130s2006##################000#0#eng## |
| 020 ## - INTERNATIONAL STANDARD BOOK NUMBER | |
| ISBN | 157851777X |
| 082 ## - DEWEY DECIMAL CLASSIFICATION NUMBER | |
| Classification number | 330.16 BEI |
| 100 ## - MAIN ENTRY--AUTHOR NAME | |
| Personal name | Beinhocker, Eric D |
| 245 ## - TITLE STATEMENT | |
| Title | The origin of wealth : evolution, complexity, and the radical remaking of economics |
| Statement of responsibility, etc | Eric D. Beinhocker |
| 260 ## - PUBLICATION, DISTRIBUTION, ETC. (IMPRINT) | |
| Place of publication | Boston, MA |
| Name of publisher | Harvard Business School |
| Year of publication | c2006 |
| 300 ## - PHYSICAL DESCRIPTION | |
| Number of Pages | xvi, 527 p. : ill. ; 25 cm |
| 500 ## - GENERAL NOTE | |
| General note | Includes bibliographical references (p. 490-506) and index |
| 650 ## - SUBJECT ADDED ENTRY--TOPICAL TERM | |
| Topical Term | Economic development |
| Topical Term | Economic history |
| Topical Term | Economics |
| 991 ## - | |
| -- | 43201 |
| Withdrawn status | Lost status | Damaged status | Not for loan | Home library | Current library | Shelving location | Date acquired | Full call number | Accession Number | Price effective from | Koha item type |
|---|---|---|---|---|---|---|---|---|---|---|---|
| Anna Centenary Library | Anna Centenary Library | 4TH FLOOR, A WING | 09.10.2020 | 330.16 BEI | 341787 | 09.10.2020 | English Books |